The Steel Handbook / (Record no. 1309)

000 -LEADER
fixed length control field 00307 a2200109 4500
020 ## - INTERNATIONAL STANDARD BOOK NUMBER
International Standard Book Number 9780074632987
082 ## - DEWEY DECIMAL CLASSIFICATION NUMBER
Classification number 624.1821 NAY
100 ## - MAIN ENTRY--PERSONAL NAME
Personal name Nayar,Alok
245 ## - TITLE STATEMENT
Title The Steel Handbook /
Statement of responsibility, etc. Alok Nayar
260 ## - PUBLICATION, DISTRIBUTION, ETC.
Place of publication, distribution, etc. New Delhi :
Date of publication, distribution, etc. Tata McGraw Hill Publishing Comp,
Name of publisher, distributor, etc. 2007.
300 ## - PHYSICAL DESCRIPTION
Extent xxii,978p. :
Other physical details ill. ;
Dimensions 25cm
650 ## - SUBJECT ADDED ENTRY--TOPICAL TERM
Topical term or geographic name entry element steel structure
Holdings
Withdrawn status Lost status Damaged status Not for loan Permanent Location Current Location Shelving location Date acquired Total Checkouts Full call number Barcode Date last seen Price effective from Koha item type
        School of Civil and Environmental Engineering (SCEE) School of Civil and Environmental Engineering (SCEE)       624.1821 NAY NIT-6545 01/05/2017 01/05/2017 Book
© 2023 Central Library, National University of Sciences and Technology. All Rights Reserved.